000
00276nam a22001217a 4500
020
_a
0-88022-382-0
082
_a
005.3 EWI'W
100
_a
EWING, DAVID P ,LANGENES, BILL
_9
79604
245
_a
USING Q&A
260
_a
INDIANA
_b
QUE
_c
1988
300
_a
XXIV, 510P
942
_c
BK
999
_c
584630
_d
584630